Diseño de una herramienta Olap. Para la explotación de datos en una empresa de telefonía móvil
Presenta un diseño de una herramienta OLAP, para la explotación de datos en una empresa de telefonía móvil, que sirva como base para la creación de una aplicación que permita aprovechar al máximo la capacidad de almacenamiento de datos, para brindar seguridad, mejorar los tiempos de respuesta...
| Main Authors: | , |
|---|---|
| Other Authors: | |
| Format: | Tesis Section = Libro |
| Language: | Undetermined Spanish |
| Published: |
Managua
UNI
2006
|
| Subjects: |
| LEADER | 01184nam a2200253Ia 4500 | ||
|---|---|---|---|
| 008 | 240830s9999 xx 000 0 und d | ||
| 040 | |a BIBLIOTECA-RUSB/ T.Mon 621.385 H565 | ||
| 041 | |a spa | ||
| 082 | |a T.Mon 621.385 H565 | ||
| 100 | 1 | |a Herrera Medina, José Ramón | |
| 100 | 1 | |b Sevilla Herrera, Marcos | |
| 245 | 1 | 0 | |a Diseño de una herramienta Olap. Para la explotación de datos en una empresa de telefonía móvil |
| 260 | |a Managua |b UNI |c 2006 | ||
| 300 | |a 64 p. :il. | ||
| 502 | |a Tesis (Ingeniero en Computación) - UNI, 2006. | ||
| 520 | 3 | |a Presenta un diseño de una herramienta OLAP, para la explotación de datos en una empresa de telefonía móvil, que sirva como base para la creación de una aplicación que permita aprovechar al máximo la capacidad de almacenamiento de datos, para brindar seguridad, mejorar los tiempos de respuestas y se integre como una herramienta para la toma de decisiones. | |
| 650 | 7 | |a TELEFONIA MOVIL | |
| 650 | 7 | |b DISEÑO - DATAMART | |
| 650 | 7 | |c ARQUITECTURA - DATAWAREHOUSE | |
| 650 | 7 | |d DESARROLLO - HERRAMIENTA OLAP | |
| 700 | 1 | |a Tutor: |b Moreno, Héctor Antonio | |
| 942 | |c BK |2 ddc | ||
| 991 | |a TESIS | ||
| 999 | |c 21867 | ||